| 000 | 00793cam a22002534a 4500 | ||
|---|---|---|---|
| 001 | 14354702 | ||
| 003 | ARRUPE | ||
| 005 | 20170214145909.0 | ||
| 008 | 060426s2005 enk b 000 0 eng | ||
| 010 | _a 2006275047 | ||
| 020 | _a0826481477 | ||
| 040 |
_aDLC _cDLC _dDLC |
||
| 042 | _apcc | ||
| 050 | 0 | 0 | _aHM1166.S43 2005 |
| 082 | 0 | 0 |
_a302.3/46 _222 |
| 100 | 1 |
_aShaw, Peter, _cCB. _928841 |
|
| 245 | 1 | 0 |
_aConversation matters : _bhow to engage effectively with one another / _cPeter Shaw. |
| 260 |
_aLondon ; _aNew York : _bContinuum, _c2005. |
||
| 300 |
_axi, 190 p. ; _c22 cm. |
||
| 650 | 0 |
_aInterpersonal communication. _99838 |
|
| 906 |
_a7 _bcbc _corignew _d2 _encip _f20 _gy-gencatlg |
||
| 942 |
_2lcc _cMONOGRAPH |
||
| 999 |
_c126126 _d126126 |
||